000 00290nam a22001337a 4500
008 170602b xxu||||| |||| 00| 0 eng d
020 _a9780060928834
041 _aeng
080 _a93
100 _a17
101 _aSHH
245 _aFROM DAWN TO DECADENCE
_cBARZUN, J
942 _2udc
_cBK
999 _c15750
_d15750